000 00733nam a2200241 u 4500
005 20260307064017.0
008 120802s2003 mx r 000 0 spa d
020 _a9706882723
035 _aUPN01000185801
049 _aI
050 4 _aTL505
_bJ4.8
100 1 _aJeunesse, Gallimard
_940094
245 1 0 _aVolar, el sueño del hombre /
_cGallimard Jeunesse.
260 _aMéxico :
_bSM :
_bYolihue,
_c2003.
300 _a58 p. :
_bil. col.
440 0 _aBiblioteca mundo maravilloso ;
_v9.
_pCiencias
534 _pTítulo original:
_tVoler comme l'oiseau
650 4 _aAERONAUTICA -
_vLITERATURA JUVENIL
_92019
650 4 _aAeronaútica
_xHistoria
_9299
650 2 _aVuelo
_914239
905 _aInfantil
999 _c157904
_d157904